Devine le joueur de Ligue 1 par sa carrière - Statistiques

Statistiques générales
  • Ce quiz a été pris 163 fois
  • Le résultat moyen est 5 sur 20
Statistiques - réponses
CV Indice Joueur % Correct
Sochaux - Marseille - Lyon - Auxerre - Lille - Ajaccio - Nancy Louis Nicollin l'a traite de "Petite T*******" Benoit PEDRETTI
64%
Le Havre - PSG - Middlesbrough - Nice - Betis Seville - Osasuna (Prêt) - Lorca Un DD devenu entraîneur mais pas Didier Deschamps Didier DIGARD
51%
Ajaccio - Rennes - Lille Remporte la Ligue 1 avec Lille Benjamin ANDRÉ
44%
Lyon - Toulouse (Prêt) - Nice - Lille - Dijon Ressemble à un arbitre de foot Florent BALMONT
39%
Caen - Lille - Lyon - PSG - Saint-Etienne (Prêt) - Nice - Guingamp - Amiens S'est reconverti en Directeur Sportif Mathieu BODMER
39%
Le Mans - Sochaux - Lille - Séville - Benfica (Prêt) - Espanyol Barcelone (Prêt) - Nantes - Amiens Arrière droit Sébastien CORCHIA
32%
Evian Thonon Gaillard - Vannes (Prêt) - Nantes - Strasbourg - Lens A marqué un but en Ligue des Champions contre Arsenal Adrien THOMASSON
30%
Lyon - Strasbourg - PSG - Bordeaux - Mulhouse Belle moustache Raymond DOMENECH
24%
Bourg-Péronnas - Dijon - Al Faisaly - Al Raed - Al Diraiyah International Cap-Verdien 48 sélections Julio TAVARES
21%
Niort - Chateauroux - Rouen (prêt) - Rouen - Clermont - Caen - Rennes - Lyon - Melbourne Victory - Clermont Gagne la Coupe de France avec Rennes en 2019 Damien DA SILVA
20%
Nantes - Anderlecht - Sedan - Valenciennes - Gazelec - Saint-Amand 50 buts avec le VAFC en Ligue 1 Grégory PUJOL
19%
Sochaux - Brest - Sochaux 55 sélections avec le Sénégal Omar DAF
19%
Lille - Abbeville (Prêt) - Besançon (Prêt) - Metz - Brest - Lens - PSG - West Ham - PSG - Rennes Est devenu sélectionneur du Kenya pendant deux mois Bernard LAMA
14%
Sunderland - Manchester - West Ham (Prêt) - Nice (Prêt) - Nice - Bordeaux - Nice (Prêt) - Red Star Champion de France 2009 avec Bordeaux David BELLION
13%
RFC Liège - Mouscron - Auxerre - Nantes - Lens (Prêt) - Anderlecht (Prêt) - Valenciennes - La Gantoise - Standard de Liège - Arles-Avignon Il a été le meilleur buteur du championnat de Belgique 2003-2004 avec Mouscron Luigi PIERONI
10%
Yzeure - Vannes - Auxerre - Ajaccio - Auxerre - Dijon A joué la Ligue des Champions avec Auxerre Frédéric SAMMARITANO
8%
MC Alger - Troyes - Istres - Ajaccio - Lorient - Al-Khor - Istres (Prêt) - Amiens International algérien 64 sélections Rafik SAIFI
6%
Chasselay - Dijon - Lorient - Saint-Etienne - Strasbourg -Bourg-en-Bresse Gagne la Coupe de la Ligue avec Strasbourg en 2019 Benjamin CORGNET
4%
Cannes - Marseille - Strasbourg - Rangers Finaliste de la coupe de l'UEFA avec l'OM en 2004 Brahim HEMDANI
4%
Nice - Saint-Etienne - Panionios - Dijon Adore les tacles à deux pieds Cédric VARRAULT
1%
Aucun quiz correspondant
Distribution des résultats
% des personnes avec chaque résultat
Percentile par nombre de réponses
Votre historique - résultats
Vous n’avez pas pris ce quiz